00259nam a2200109Ia 4500008004100000020001800041082001400059100001500073245003400088260001500122500001200137260604s9999 xx 000 0 und d a9789352752942 a808.3 PIL aDav Pilkey 0aDog Man A Tale of Two Kitties bSCHOLASTIC aDog man